|
|
|
|
| LEADER |
00922nam a2200277 4500 |
| 001 |
DLU210196144 |
| 005 |
##20210419 |
| 040 |
# |
# |
|a DLU
|b vie
|
| 041 |
# |
# |
|a vie
|
| 044 |
# |
# |
|a vn
|
| 100 |
# |
# |
|a Nguyễn Lan Hương.
|
| 245 |
# |
# |
|a Thực trạng xuất khẩu vũ khí toàn cầu đầu thế kỷ XXI /
|c Nguyễn Lan Hương, Nguyễn Kim Anh.
|
| 653 |
# |
# |
|a Thị trường xuất khẩu
|
| 653 |
# |
# |
|a Thực trạng
|
| 653 |
# |
# |
|a Triển vọng
|
| 653 |
# |
# |
|a Xuất khẩu vũ khí
|
| 700 |
# |
# |
|a Nguyễn Kim Anh.
|
| 773 |
# |
# |
|t Châu Mỹ ngày nay
|g Số 8(245), 2018, tr. 14-22
|
| 920 |
# |
# |
|a Phòng Tạp chí -- Trung tâm Thông tin - Thư viện Trường Đại học Đà Lạt
|
| 900 |
# |
# |
|a True
|
| 911 |
# |
# |
|a Nguyễn Thị Thu Phương
|
| 925 |
# |
# |
|a G
|
| 926 |
# |
# |
|a A
|
| 927 |
# |
# |
|a BB
|
| 980 |
# |
# |
|a Thư viện Trường Đại học Đà Lạt
|